Berenstain Bears and go to school (The) / (Record no. 102642)
[ view plain ]
| 000 -LEADER | |
|---|---|
| fixed length control field | 00715nam a2200217 a 4500 |
| 005 - DATE AND TIME OF LATEST TRANSACTION | |
| control field | 20140412111240.0 |
| 008 - FIXED-LENGTH DATA ELEMENTS--GENERAL INFORMATION | |
| fixed length control field | 000818s19uu xx 00 eng d |
| 020 ## - INTERNATIONAL STANDARD BOOK NUMBER | |
| International Standard Book Number | 0-394-83736-3 |
| 050 ## - LIBRARY OF CONGRESS CALL NUMBER | |
| Classification number | TR(PS E |
| Item number | Be35Go 1978 |
| 050 ## - LIBRARY OF CONGRESS CALL NUMBER | |
| Classification number | ER |
| Item number | Be35Go 1978 |
| 100 ## - MAIN ENTRY--PERSONAL NAME | |
| Personal name | Berenstain, Stan & Jan |
| 245 ## - TITLE STATEMENT | |
| Title | Berenstain Bears and go to school (The) / |
| Statement of responsibility, etc | Stan & Jan Berenstain. |
| 260 ## - PUBLICATION, DISTRIBUTION, ETC. (IMPRINT) | |
| Place of publication, distribution, etc | New York : |
| Name of publisher, distributor, etc | Random House, |
| Date of publication, distribution, etc | 1978. |
| 300 ## - PHYSICAL DESCRIPTION | |
| Extent | 1 v. (unp.) ; ill. |
| 440 ## - SERIES STATEMENT/ADDED ENTRY--TITLE | |
| Title | A First Time Books |
| 520 ## - SUMMARY, ETC. | |
| Summary, etc | Sister Bear, nervous about entering kindergarten, overcomes her fears when she discovers that school is really fun. |
| 650 ## - SUBJECT ADDED ENTRY--TOPICAL TERM | |
| Topical term or geographic name as entry element | School stories |
| 650 ## - SUBJECT ADDED ENTRY--TOPICAL TERM | |
| Topical term or geographic name as entry element | Bears-Fiction |
| Withdrawn status | Lost status | Damaged status | Use restrictions | Home library | Current library | Shelving location | Date acquired | Source of acquisition | Total Checkouts | Full call number | Barcode | Date last seen | Price effective from | Koha item type |
|---|---|---|---|---|---|---|---|---|---|---|---|---|---|---|
| Elizalde Library | Elizalde Library | Teachers Reference Section | 08/18/2000 | TR(PS E Be35Go 1978 | E2331 | 04/12/2014 | 04/12/2014 | Books | ||||||
| Elizalde Library | Elizalde Library | Easy Reading Section | 04/26/2001 | ER Be35Go 1978 | E2390 | 04/12/2014 | 04/12/2014 | Books |